[Event "Europa tch femenino 2005"]
[Site "Gotebörg SWE"]
[Date "2005.08.05"]
[Round "7.5"]
[White "Bosboom-Lanchava, Tea"]
[Black "Borsuk, Angela"]
[Result "0-1"]
[WhiteElo "2363"]
[BlackElo "2342"]
[PlyCount "82"]
[EventDate "2005.07.30"]
[EventType "team"]
[EventRounds "9"]
[EventCountry "SWE"]
[Source "lmi"]
[SourceDate "2005.08.07"]

1. d4 d6 2. c4 e5 3. Nf3 e4 4. Ng5 f5 5. Nc3 Be7 6. Nh3 Nf6 7. g3 c6 8. Bg2 O-O
9. O-O Na6 10. d5 Nc7 11. Nf4 Bd7 12. f3 g5 13. Nh3 exf3 14. exf3 h6 15. Be3 c5
16. Re1 Nfe8 17. g4 Bf6 18. Nf2 Ng7 19. Bf1 Be5 20. Nd3 Bxc3 21. bxc3 Qf6 22.
Nf2 Qxc3 23. Rb1 b6 24. Rb3 Qf6 25. Qc1 Rae8 26. Ra3 a6 27. Rd1 Rf7 28. h4 gxh4
29. Bxh6 fxg4 30. Bg5 Qg6 31. Nxg4 Bxg4 32. fxg4 Re5 33. Bxh4 Qxg4+ 34. Bg3 Rg5
35. Qd2 Nf5 36. Bh3 Qh5 37. Bxf5 Rgxf5 38. Bh2 Rg7+ 39. Kh1 Qh4 40. Rg1 Qe4+
41. Rg2 Rf1+ 0-1

[Event "Europa tch femenino 2005"]
[Site "Gotebörg SWE"]
[Date "2005.08.05"]
[Round "7.6"]
[White "Vajda, Szidonia"]
[Black "Mkrtchian, Lilit"]
[Result "1/2-1/2"]
[WhiteElo "2392"]
[BlackElo "2447"]
[PlyCount "107"]
[EventDate "2005.07.30"]
[EventType "team"]
[EventRounds "9"]
[EventCountry "SWE"]
[Source "lmi"]
[SourceDate "2005.08.07"]

1. e4 e5 2. Nf3 Nc6 3. Nc3 Nf6 4. d4 exd4 5. Nxd4 Bb4 6. Nxc6 bxc6 7. Bd3 d5 8.
exd5 cxd5 9. O-O O-O 10. Bg5 c6 11. Na4 h6 12. Bh4 Re8 13. c3 Bf8 14. b4 g5 15.
Bg3 Ne4 16. Re1 Bf5 17. Qc2 Qf6 18. Re3 Nxg3 19. Rxg3 Bxd3 20. Qxd3 Bxb4 21. f4
Bd6 22. fxg5 hxg5 23. Rf1 Qg7 24. Rgf3 Re4 25. Qa6 Qe5 26. g3 Re1 27. Qb7 Rxf1+
28. Kxf1 Rf8 29. Qxa7 Qe4 30. Kf2 g4 31. Re3 Qc2+ 32. Re2 Qf5+ 33. Kg1 Rb8 34.
Qe3 Rb1+ 35. Re1 Rxe1+ 36. Qxe1 Kg7 37. Qe2 Bb8 38. Kg2 Ba7 39. Nb2 Kf6 40. Nd3
Bb6 41. a4 Qe4+ 42. Qxe4 dxe4 43. Nb4 Ke6 44. Nxc6 Kd5 45. Nb4+ Kc4 46. Kf1 Ba5
47. Nc6 Bxc3 48. Ke2 Kc5 49. Ne7 Bd4 50. Nf5 Bg1 51. Kf1 Bxh2 52. Kg2 Bxg3 53.
Kxg3 Kb4 54. Kxg4 1/2-1/2

[Event "Europa tch femenino 2005"]
[Site "Gotebörg SWE"]
[Date "2005.08.05"]
[Round "7.6"]
[White "Gara, Anita"]
[Black "Galojan, Lilit"]
[Result "0-1"]
[WhiteElo "2372"]
[BlackElo "2223"]
[PlyCount "72"]
[EventDate "2005.07.30"]
[EventType "team"]
[EventRounds "9"]
[EventCountry "SWE"]
[Source "lmi"]
[SourceDate "2005.08.07"]

1. e4 c5 2. Nf3 Nc6 3. d4 cxd4 4. Nxd4 e6 5. Nb5 d6 6. c4 a6 7. N5c3 Nf6 8. Be2
Be7 9. O-O b6 10. Be3 Bb7 11. Na3 Rc8 12. Qb3 Nd7 13. Rfd1 Qc7 14. Rac1 Nc5 15.
Qc2 O-O 16. f3 Qb8 17. Qd2 Kh8 18. Kh1 Rg8 19. Nc2 g5 20. b4 Nd7 21. Rb1 Nce5
22. Bd4 Qc7 23. Ne3 Rg6 24. Rdc1 Kg8 25. Na4 g4 26. c5 dxc5 27. bxc5 bxc5 28.
Qb2 Bc6 29. Nxc5 gxf3 30. gxf3 Nxc5 31. Bxc5 Nxf3 32. Bxf3 Qf4 33. Bg2 Bxc5 34.
Rxc5 Qxe3 35. Rbc1 e5 36. Qc3 Qxe4 0-1

[Event "Europa tch femenino 2005"]
[Site "Gotebörg SWE"]
[Date "2005.08.05"]
[Round "7.7"]
[White "Mietzner, Tina"]
[Black "Daulyte, Deimante"]
[Result "0-1"]
[WhiteElo "2286"]
[BlackElo "2195"]
[PlyCount "72"]
[EventDate "2005.07.30"]
[EventType "team"]
[EventRounds "9"]
[EventCountry "SWE"]
[Source "lmi"]
[SourceDate "2005.08.07"]

1. e4 c5 2. Nf3 d6 3. d4 cxd4 4. Nxd4 Nf6 5. Nc3 g6 6. Be3 Bg7 7. f3 O-O 8. Qd2
Nc6 9. Bc4 Bd7 10. O-O-O Qa5 11. Bb3 Rfc8 12. Kb1 Ne5 13. Bg5 Nc4 14. Bxc4 Rxc4
15. Nb3 Qe5 16. Rhe1 Rxc3 17. Bf4 Qb5 18. Qxc3 Nh5 19. Qd2 Nxf4 20. Qxf4 a5 21.
Rd5 Qc4 22. Qe3 Be6 23. Rd3 a4 24. Nc1 Rc8 25. c3 b5 26. a3 b4 27. axb4 a3 28.
bxa3 Ra8 29. Kc2 Rxa3 30. Qd2 Qc6 31. Rd4 Bc4 32. Re3 Qa4+ 33. Kb2 Bb3 34. Qd3
Ra1 35. c4 Qa3+ 36. Kc3 Qxc1+ 0-1

[Event "Europa tch femenino 2005"]
[Site "Gotebörg SWE"]
[Date "2005.08.05"]
[Round "7.7"]
[White "Limontaite, Simona"]
[Black "Nill, Jessica"]
[Result "0-1"]
[WhiteElo "2095"]
[BlackElo "2323"]
[PlyCount "92"]
[EventDate "2005.07.30"]
[EventType "team"]
[EventRounds "9"]
[EventCountry "SWE"]
[Source "lmi"]
[SourceDate "2005.08.07"]

1. d4 d5 2. c4 c6 3. Nf3 Nf6 4. Nc3 a6 5. e3 b5 6. b3 Bg4 7. Be2 e6 8. O-O Nbd7
9. Bb2 Bd6 10. h3 Bh5 11. Ne5 Bxe2 12. Nxe2 bxc4 13. bxc4 O-O 14. Qa4 Bxe5 15.
dxe5 Ne4 16. Qxc6 Ndc5 17. f3 Rc8 18. Qxc8 Qxc8 19. fxe4 dxc4 20. Bd4 Nxe4 21.
Rfc1 h6 22. Rab1 Qc6 23. Rb4 Rc8 24. Nc3 Nxc3 25. Rxc3 a5 26. Rb2 Qa4 27. Rbc2
Qb5 28. e4 Rd8 29. Bf2 Qxe5 30. Bg3 Qg5 31. Bc7 Rd1+ 32. Kh2 Qc5 33. Bf4 Qg1+
34. Kg3 Rd3+ 35. Rxd3 cxd3 36. Rf2 Qe1 37. Kf3 f5 38. exf5 exf5 39. Bd2 Qe4+
40. Kg3 g5 41. Kh2 a4 42. g3 Kh7 43. a3 Kg6 44. Bb4 h5 45. Rd2 h4 46. gxh4 Qxh4
0-1

[Event "Europa tch femenino 2005"]
[Site "Gotebörg SWE"]
[Date "2005.08.05"]
[Round "7.7"]
[White "Ciuksyte, Dagne"]
[Black "Paehtz, Elisabeth"]
[Result "1-0"]
[WhiteElo "2341"]
[BlackElo "2421"]
[PlyCount "132"]
[EventDate "2005.07.30"]
[EventType "team"]
[EventRounds "9"]
[EventCountry "SWE"]
[Source "lmi"]
[SourceDate "2005.08.07"]

1. e4 c5 2. Nf3 e6 3. d4 cxd4 4. Nxd4 Nc6 5. Nb5 d6 6. c4 Nf6 7. N1c3 a6 8. Na3
b6 9. Be2 Bb7 10. O-O Be7 11. Be3 Nb8 12. f3 Nbd7 13. Nc2 Qc7 14. Rc1 Rc8 15.
Nd4 Qb8 16. Kh1 O-O 17. Qd2 Bd8 18. Rc2 Bc7 19. Bg1 Kh8 20. b4 Rfd8 21. Rd1 Ne5
22. Qc1 Ng6 23. Na4 Nd7 24. Bf1 Qa8 25. Be3 Re8 26. c5 bxc5 27. bxc5 Nxc5 28.
Nxc5 dxc5 29. Nb3 f5 30. Nxc5 Bb6 31. Nxb7 Rxc2 32. Qxc2 Bxe3 33. Nd6 Rf8 34.
exf5 exf5 35. Nxf5 Bf4 36. Nd6 Qb8 37. Qd3 a5 38. Qd5 Bxd6 39. Qxd6 Qb4 40.
Qxb4 axb4 41. Rd4 Rb8 42. Bb5 Ra8 43. Ba4 Rb8 44. Re4 h5 45. Re8+ Rxe8 46. Bxe8
Nf4 47. g3 Ne2 48. Kg2 h4 49. gxh4 Kg8 50. Bb5 Nd4 51. Bc4+ Kf8 52. h5 Ke7 53.
Kf2 Kf6 54. Ke3 Nc2+ 55. Ke4 Kg5 56. Bb3 Ne1 57. Bf7 Kf6 58. Bd5 Kg5 59. Kd4
Nc2+ 60. Kc5 Kxh5 61. Be4 b3 62. axb3 Ne3 63. b4 Nd1 64. Kd4 Nb2 65. Bc2 Kg5
66. b5 Na4 1-0

[Event "Europa tch femenino 2005"]
[Site "Gotebörg SWE"]
[Date "2005.08.05"]
[Round "7.8"]
[White "Pertlova, Sona"]
[Black "Llaneza Vega, Patricia"]
[Result "0-1"]
[WhiteElo "2086"]
[BlackElo "2180"]
[PlyCount "94"]
[EventDate "2005.07.30"]
[EventType "team"]
[EventRounds "9"]
[EventCountry "SWE"]
[Source "lmi"]
[SourceDate "2005.08.07"]

1. c4 e5 2. g3 Nc6 3. Bg2 g6 4. Nc3 Bg7 5. e3 d6 6. Nge2 h5 7. h4 Bg4 8. a3
Nge7 9. d3 Qd7 10. b4 a6 11. Rb1 Rb8 12. Qc2 b5 13. Bb2 bxc4 14. dxc4 Bf5 15.
e4 Be6 16. Nd5 O-O 17. Rd1 Nd8 18. Qd2 Nb7 19. Qg5 Nc8 20. Bc1 c6 21. Nf6+ Bxf6
22. Qxf6 Qe7 23. Qxe7 Nxe7 24. Bh6 Rfe8 25. Rc1 c5 26. O-O cxb4 27. axb4 Rec8
28. Bg5 Kf8 29. c5 dxc5 30. bxc5 Nxc5 31. Rfd1 Nb3 32. Rxc8+ Rxc8 33. Bf6 Nc6
34. f4 Bg4 35. Kf2 Ncd4 36. Rxd4 exd4 37. Nxd4 Nxd4 38. Bxd4 Rc2+ 39. Kg1 a5
40. Be5 Ke7 41. Bb8 Rc8 42. Be5 a4 43. Bb2 Rc2 44. Ba3+ Kd8 45. Bf8 Rc3 46. e5
a3 47. Bd5 a2 0-1

[Event "Europa tch femenino 2005"]
[Site "Gotebörg SWE"]
[Date "2005.08.05"]
[Round "7.8"]
[White "Hernandez, Yudania"]
[Black "Sikorova, Olga"]
[Result "1-0"]
[WhiteElo "2234"]
[BlackElo "2232"]
[PlyCount "102"]
[EventDate "2005.07.30"]
[EventType "team"]
[EventRounds "9"]
[EventCountry "SWE"]
[Source "lmi"]
[SourceDate "2005.08.07"]

1. e4 c5 2. Nf3 Nf6 3. e5 Nd5 4. d4 cxd4 5. Qxd4 e6 6. Bc4 Nc6 7. Qe4 f5 8. Qe2
Nde7 9. O-O Ng6 10. Re1 Be7 11. Nc3 a6 12. a4 O-O 13. Bd2 Nh8 14. Rad1 Nf7 15.
Bc1 Qc7 16. Bb3 g5 17. Nxg5 Nxg5 18. Qh5 Nxe5 19. Bxg5 Bxg5 20. Qxg5+ Ng6 21.
h4 Kh8 22. Rd4 Qc5 23. Qd2 Rg8 24. Rc4 Qe7 25. h5 b5 26. axb5 axb5 27. Nd5 Qf8
28. Rb4 Bb7 29. hxg6 Rxg6 30. Qd4+ Qg7 31. Qxg7+ Rxg7 32. Nf4 Bc6 33. c4 Rg4
34. g3 e5 35. cxb5 Be4 36. Rbxe4 fxe4 37. Nd5 Kg7 38. Nc3 Rb8 39. Bd5 h5 40.
Bxe4 Rg5 41. Rd1 h4 42. Rxd7+ Kf6 43. Bd5 hxg3 44. Ne4+ Kf5 45. Nxg5 gxf2+ 46.
Kxf2 Rxb5 47. b3 Kxg5 48. Bc4 Ra5 49. Rf7 Ra1 50. Ke3 Kg6 51. Rf1 Ra5 1-0

[Event "Europa tch femenino 2005"]
[Site "Gotebörg SWE"]
[Date "2005.08.05"]
[Round "7.8"]
[White "Cedikova, Katerina"]
[Black "Vega Gutierrez, Sabrina"]
[Result "1/2-1/2"]
[WhiteElo "2262"]
[BlackElo "2262"]
[PlyCount "132"]
[EventDate "2005.07.30"]
[EventType "team"]
[EventRounds "9"]
[EventCountry "SWE"]
[Source "lmi"]
[SourceDate "2005.08.07"]

1. d4 d5 2. g3 c6 3. Bg2 e6 4. Nf3 Nf6 5. O-O Nbd7 6. b3 Bd6 7. Bb2 O-O 8. Nbd2
b6 9. Re1 Bb7 10. Ne5 c5 11. e3 Qc7 12. Nxd7 Nxd7 13. c4 cxd4 14. Bxd4 dxc4 15.
Bxb7 Qxb7 16. Nxc4 Bb4 17. Rf1 Be7 18. Qg4 Nf6 19. Qe2 Ne4 20. Qg4 Ng5 21. f4
f5 22. Qh5 Ne4 23. Rad1 b5 24. Ne5 Rac8 25. Rc1 Ba3 26. Rxc8 Rxc8 27. Qe2 a6
28. g4 Bc5 29. Bxc5 Rxc5 30. Rd1 Qc8 31. Qd3 Rd5 32. Qf1 Qc3 33. Rd3 Rxd3 34.
Nxd3 Qd2 35. gxf5 Qxe3+ 36. Kg2 Nd2 37. Qc1 Qf3+ 38. Kg1 Qe3+ 39. Kg2 Qe4+ 40.
Kf2 Qxd3 41. Qc8+ Kf7 42. Qxe6+ Kf8 43. Qc8+ Ke7 44. Qe6+ Kd8 45. Qb6+ Kd7 46.
Qe6+ Kc7 47. Qe5+ Kb6 48. Qb8+ Ka5 49. Qc7+ Kb4 50. Qe7+ Kc3 51. Qe5+ Qd4+ 52.
Ke2 Qxe5+ 53. fxe5 Ne4 54. Ke3 Nc5 55. e6 Nb7 56. Ke4 Nd6+ 57. Ke5 Ne8 58. h4
b4 59. h5 h6 60. e7 Kb2 61. Ke6 Kxa2 62. Kf7 Nd6+ 63. Ke6 Ne8 64. Kf7 Nd6+ 65.
Ke6 Ne8 66. Kf7 Nd6+ 1/2-1/2

[Event "Europa tch femenino 2005"]
[Site "Gotebörg SWE"]
[Date "2005.08.05"]
[Round "7.8"]
[White "Calzetta, Monica"]
[Black "Jackova, Jana"]
[Result "1-0"]
[WhiteElo "2282"]
[BlackElo "2386"]
[PlyCount "107"]
[EventDate "2005.07.30"]
[EventType "team"]
[EventRounds "9"]
[EventCountry "SWE"]
[Source "lmi"]
[SourceDate "2005.08.07"]

1. e4 e5 2. Nf3 Nc6 3. Bb5 a6 4. Ba4 Nf6 5. d3 b5 6. Bb3 Be7 7. O-O O-O 8. h3
Bb7 9. Re1 Re8 10. a3 h6 11. Nc3 Bf8 12. Bd2 d6 13. Nd5 Nb8 14. Nxf6+ Qxf6 15.
Nh2 Nd7 16. Re3 Qh4 17. Rf3 Re7 18. Rf5 Re6 19. Bxe6 fxe6 20. Rf3 d5 21. exd5
exd5 22. Rg3 d4 23. Qg4 Qxg4 24. hxg4 Bd6 25. Rh3 e4 26. Re1 exd3 27. Rxd3 c5
28. Re6 Bf8 29. g5 Bd5 30. Re1 hxg5 31. Bxg5 Nf6 32. Bxf6 gxf6 33. c3 Bc4 34.
Rg3+ Kf7 35. cxd4 cxd4 36. Nf3 d3 37. Rd1 Re8 38. b3 Bxb3 39. Rxd3 Bc4 40. Rd7+
Re7 41. Rxe7+ Bxe7 42. Nd2 Be6 43. Kf1 a5 44. Ke2 a4 45. Rc3 Bd5 46. g4 b4 47.
axb4 Bxb4 48. Rc7+ Kg6 49. f4 f5 50. g5 a3 51. Nc4 Kh5 52. Ne5 Kh4 53. Kf2 Bg8
54. Rc8 1-0

[Event "Europa tch femenino 2005"]
[Site "Gotebörg SWE"]
[Date "2005.08.05"]
[Round "7.9"]
[White "Muller, Anne"]
[Black "Andersson, Christin"]
[Result "0-1"]
[WhiteElo "2169"]
[BlackElo "2168"]
[PlyCount "98"]
[EventDate "2005.07.30"]
[EventType "team"]
[EventRounds "9"]
[EventCountry "SWE"]
[Source "lmi"]
[SourceDate "2005.08.07"]

1. e4 e6 2. d4 d5 3. Nc3 Nf6 4. Bg5 dxe4 5. Nxe4 Nbd7 6. Nf3 Be7 7. Bxf6 Nxf6
8. Bd3 Nxe4 9. Bxe4 O-O 10. Qd2 c5 11. O-O-O cxd4 12. h4 f5 13. Bd3 Bf6 14. Bc4
Qc7 15. Qe2 Qd6 16. Kb1 Kh8 17. Ng5 b5 18. Bb3 g6 19. Qxb5 a5 20. Qd3 Bd7 21.
Rhe1 Rae8 22. c3 Bc6 23. f3 a4 24. Bc4 Qg3 25. cxd4 Qxh4 26. Nxe6 Rf7 27. Rh1
Qg3 28. Qd2 Rfe7 29. Rh3 Qd6 30. Ng5 Bd5 31. Bxd5 Qxd5 32. f4 Bxg5 33. fxg5 Re2
34. Qc3 Rxg2 35. Rdh1 h5 36. gxh6 Rb8 37. b3 axb3 38. axb3 Re2 39. Rc1 g5 40.
Rc2 Re4 41. Rf2 f4 42. Rg2 Re7 43. Rb2 g4 44. Rd3 g3 45. Rf3 Rbe8 46. Rd2 Rb8
47. Rb2 Qe4+ 48. Rc2 g2 49. d5+ Kh7 0-1

[Event "Europa tch femenino 2005"]
[Site "Gotebörg SWE"]
[Date "2005.08.05"]
[Round "7.10"]
[White "Prudnikova, Svetlana"]
[Black "Jelica, Mara"]
[Result "1-0"]
[WhiteElo "2370"]
[BlackElo "2191"]
[PlyCount "110"]
[EventDate "2005.07.30"]
[EventType "team"]
[EventRounds "9"]
[EventCountry "SWE"]
[Source "lmi"]
[SourceDate "2005.08.07"]

1. d4 Nf6 2. g3 g6 3. Bg2 Bg7 4. e4 O-O 5. Ne2 c5 6. c3 d6 7. O-O e5 8. Nd2
cxd4 9. cxd4 exd4 10. Nxd4 d5 11. exd5 Nxd5 12. N2b3 Nc6 13. h4 Nxd4 14. Nxd4
Nf4 15. Bxf4 Bxd4 16. Qd2 Qb6 17. Rfd1 Bg7 18. Be3 Qb5 19. a4 Qh5 20. Qb4 a5
21. Qc5 Qe2 22. Rd2 Qg4 23. Qc7 Bf5 24. Bf4 Be6 25. Qxb7 h6 26. Qb5 g5 27. hxg5
hxg5 28. Qxg5 Qxg5 29. Bxg5 Rab8 30. Be7 Bxb2 31. Rxb2 Rxb2 32. Bxf8 Kxf8 33.
Bc6 Rc2 34. Be4 Rc4 35. Bd3 Rd4 36. Ra3 Bd7 37. Bb5 Ke7 38. Bxd7 Kxd7 39. Kg2
Kd6 40. f4 Kd5 41. Kf3 Rb4 42. Kg4 Ke6 43. Kg5 Ke7 44. Kf5 Kf8 45. Kf6 Rb6+ 46.
Ke5 Re6+ 47. Kf5 Rb6 48. Re3 Rb4 49. Re4 Rb3 50. g4 Rb6 51. Re5 Ra6 52. g5 Kg7
53. Rd5 Ra7 54. Ke5 Kg6 55. Rd6+ Kg7 1-0

[Event "Europa tch femenino 2005"]
[Site "Gotebörg SWE"]
[Date "2005.08.05"]
[Round "7.10"]
[White "Maric, Alisa"]
[Black "Sargac, Rajna"]
[Result "1-0"]
[WhiteElo "2415"]
[BlackElo "2242"]
[PlyCount "75"]
[EventDate "2005.07.30"]
[EventType "team"]
[EventRounds "9"]
[EventCountry "SWE"]
[Source "lmi"]
[SourceDate "2005.08.07"]

1. d4 e6 2. Nf3 f5 3. g3 b6 4. Bg2 Bb7 5. O-O Nf6 6. c4 a5 7. a3 Na6 8. b3 Be7
9. Bb2 O-O 10. Nc3 Ne4 11. Qc2 Bf6 12. e3 Nxc3 13. Bxc3 Be4 14. Qe2 Qe7 15.
Rfe1 g5 16. Bf1 g4 17. Nd2 h5 18. Nxe4 fxe4 19. Qb2 Qg7 20. b4 a4 21. Rac1 Nb8
22. d5 d6 23. Bxf6 Rxf6 24. c5 Nd7 25. cxd6 cxd6 26. Rc7 e5 27. Qc2 Raf8 28.
Re2 R8f7 29. Qxa4 Nf8 30. Rxf7 Qxf7 31. Qc6 Nh7 32. h4 gxh3 33. Bxh3 Qg6 34.
Be6+ Kg7 35. Qxd6 Ng5 36. Qe7+ Rf7 37. Bxf7 Nf3+ 38. Kf1 1-0

[Event "Europa tch femenino 2005"]
[Site "Gotebörg SWE"]
[Date "2005.08.05"]
[Round "7.10"]
[White "Macek, Vlasta"]
[Black "Bojkovic, Natasa"]
[Result "0-1"]
[WhiteElo "2211"]
[BlackElo "2386"]
[PlyCount "90"]
[EventDate "2005.07.30"]
[EventType "team"]
[EventRounds "9"]
[EventCountry "SWE"]
[Source "lmi"]
[SourceDate "2005.08.07"]

1. d4 Nf6 2. c4 e6 3. Nc3 Bb4 4. Qc2 O-O 5. a3 Bxc3+ 6. Qxc3 d6 7. Bg5 Nbd7 8.
e3 b6 9. Bd3 Bb7 10. f3 c5 11. Ne2 Rc8 12. b4 h6 13. Bh4 cxd4 14. exd4 Re8 15.
O-O Qc7 16. Rac1 Qb8 17. Qd2 Qc7 18. Bf2 e5 19. Ng3 e4 20. fxe4 Nxe4 21. Nxe4
Bxe4 22. Bg3 Qc6 23. b5 Qc7 24. a4 Bxd3 25. Qxd3 Re6 26. Qa3 Rce8 27. Rf3 Rg6
28. a5 Qb7 29. a6 Qe4 30. Qc3 Qg4 31. Qd3 h5 32. h3 Qg5 33. Rc2 h4 34. Bf4 Qh5
35. Kh2 Rge6 36. Rcf2 Rf6 37. Bd2 Rc8 38. Bb4 Rxf3 39. Rxf3 d5 40. Rf5 dxc4 41.
Rxh5 cxd3 42. Rxh4 Rc4 43. Be1 Nf6 44. Rf4 Rc2 45. Rf1 d2 0-1

[Event "Europa tch femenino 2005"]
[Site "Gotebörg SWE"]
[Date "2005.08.05"]
[Round "7.10"]
[White "Kruljac, Petra"]
[Black "Chelushkina, Irina"]
[Result "0-1"]
[WhiteElo "2017"]
[BlackElo "2330"]
[PlyCount "77"]
[EventDate "2005.07.30"]
[EventType "team"]
[EventRounds "9"]
[EventCountry "SWE"]
[Source "lmi"]
[SourceDate "2005.08.07"]

1. d4 g6 2. c4 Bg7 3. Nc3 c5 4. d5 d6 5. e4 a6 6. a4 Nf6 7. Nf3 O-O 8. Be2 e6
9. Nd2 Ne8 10. O-O f5 11. dxe6 Bxe6 12. exf5 Bxf5 13. Nde4 Nc6 14. Bg4 Nd4 15.
Bxf5 Rxf5 16. Ng3 Rf7 17. a5 Nc7 18. Nge4 Qd7 19. Be3 Re8 20. Qd3 Qf5 21. Rad1
Rd7 22. f3 Be5 23. Ne2 Nce6 24. N2g3 Qf7 25. Rb1 Nc6 26. Rfd1 Red8 27. Ng5 Nxg5
28. Bxg5 Bd4+ 29. Kh1 Re8 30. b3 Nxa5 31. Ne2 Nc6 32. Nxd4 Nxd4 33. Be3 Nc6 34.
h3 Ne5 35. Qd5 Nxc4 36. Bxc5 Re1+ 37. Kh2 Qxd5 38. Rxd5 Rxb1 39. bxc4 0-1

[Event "Europa tch femenino 2005"]
[Site "Gotebörg SWE"]
[Date "2005.08.05"]
[Round "7.11"]
[White "Horn, Emilia"]
[Black "Topel, Zehra"]
[Result "0-1"]
[WhiteElo "2041"]
[BlackElo "2081"]
[PlyCount "94"]
[EventDate "2005.07.30"]
[EventType "team"]
[EventRounds "9"]
[EventCountry "SWE"]
[Source "lmi"]
[SourceDate "2005.08.07"]

1. e4 c5 2. Nf3 d6 3. d4 cxd4 4. Qxd4 a6 5. Bg5 Nc6 6. Qd2 h6 7. Bh4 g5 8. Bg3
Bg7 9. c3 Nf6 10. Bd3 Bg4 11. Na3 Nh5 12. Nc4 b5 13. Ne3 Bxf3 14. gxf3 Ne5 15.
Be2 Ng6 16. Nf5 Bf6 17. a4 bxa4 18. Rxa4 a5 19. h4 Ngf4 20. Bb5+ Kf8 21. Bxf4
Nxf4 22. hxg5 hxg5 23. Rxh8+ Bxh8 24. Nd4 Qc8 25. Bf1 Be5 26. Nb3 Rb8 27. Qc2
Qc7 28. Bc4 Qd7 29. Rxa5 Qh3 30. Bf1 Qxf3 31. Nd2 Qh1 32. b4 Rc8 33. c4 Ng2+
34. Ke2 Qh5+ 35. f3 Qh2 36. Bxg2 Qxg2+ 37. Kd1 Bf4 38. Ra3 Rxc4 39. Rc3 Rxc3
40. Qxc3 Qxd2+ 41. Qxd2 Bxd2 42. Kxd2 Ke8 43. Ke3 Kd7 44. f4 gxf4+ 45. Kxf4 Kc6
46. Kg5 d5 47. e5 f6+ 0-1

[Event "Europa tch femenino 2005"]
[Site "Gotebörg SWE"]
[Date "2005.08.05"]
[Round "7.11"]
[White "Cinar Corlulu, Nilufer"]
[Black "Hansson, Susanne"]
[Result "1-0"]
[WhiteElo "2038"]
[BlackElo "2110"]
[PlyCount "111"]
[EventDate "2005.07.30"]
[EventType "team"]
[EventRounds "9"]
[EventCountry "SWE"]
[Source "lmi"]
[SourceDate "2005.08.07"]

1. e4 d5 2. exd5 Nf6 3. d4 Nxd5 4. Nf3 g6 5. Be2 Bg7 6. O-O O-O 7. Re1 c5 8.
dxc5 Nc6 9. c3 Bf5 10. Na3 Rc8 11. Nc4 Rc7 12. Ne3 Nxe3 13. Bxe3 Qc8 14. Qa4 e5
15. Qh4 h5 16. h3 f6 17. Nh2 Ne7 18. Bc4+ Be6 19. Rad1 Nf5 20. Bxe6+ Qxe6 21.
Qa4 a6 22. b4 Nxe3 23. Rxe3 Re8 24. Red3 Ree7 25. Rd6 Qf7 26. Qc2 e4 27. Nf1 f5
28. Ne3 Be5 29. Nd5 Red7 30. Nxc7 Rxc7 31. R6d5 Re7 32. Qb3 f4 33. Rd8+ Kg7 34.
Qxf7+ Kxf7 35. c4 e3 36. R8d7 Bc3 37. Rxe7+ Kxe7 38. fxe3 fxe3 39. Rd3 Bxb4 40.
Rxe3+ Kf6 41. Kf1 Bxc5 42. Re8 b6 43. Ke2 Kf5 44. Kf3 Bd4 45. a4 a5 46. g4+
hxg4+ 47. hxg4+ Kf6 48. Rd8 Bc5 49. Rd5 Be7 50. Ke4 g5 51. Rb5 Bd8 52. Kd5 Ke7
53. Kc6 Ke6 54. Rd5 Ke7 55. Rxg5 Ke6 56. Rd5 1-0

[Event "Europa tch femenino 2005"]
[Site "Gotebörg SWE"]
[Date "2005.08.05"]
[Round "7.11"]
[White "Agrest, Inna"]
[Black "Bayrak, Asli"]
[Result "1/2-1/2"]
[WhiteElo "1984"]
[BlackElo "1967"]
[PlyCount "174"]
[EventDate "2005.07.30"]
[EventType "team"]
[EventRounds "9"]
[EventCountry "SWE"]
[Source "lmi"]
[SourceDate "2005.08.07"]

1. e4 e6 2. d4 d5 3. e5 c5 4. c3 Qb6 5. Nf3 Bd7 6. Bd3 Bb5 7. O-O Bxd3 8. Qxd3
Qa6 9. Qd1 Nc6 10. dxc5 Bxc5 11. b4 Be7 12. Na3 b5 13. Nc2 Qa4 14. Qd3 Rc8 15.
Ncd4 Nxd4 16. Nxd4 Rc4 17. f4 Nh6 18. f5 Rxd4 19. Qxd4 Nxf5 20. Qd3 O-O 21. Bd2
Bd8 22. Rf3 Nh4 23. Rh3 Ng6 24. Qe2 Bb6+ 25. Kh1 Rc8 26. Rf1 Rc7 27. Qh5 Nf8
28. Rg3 Qc2 29. Qg5 Qg6 30. Qh4 Rc4 31. Qe7 Rc7 32. Qe8 Qh5 33. Qxb5 Rb7 34.
Rg5 Qh4 35. Qe2 Bd8 36. Rg4 Qe7 37. h4 Qc7 38. h5 g6 39. Rg3 Qc8 40. Qf3 Qc4
41. Bh6 a6 42. Rg4 Qc7 43. Qf4 Qe7 44. Bxf8 Kxf8 45. hxg6 hxg6 46. Rxg6 Qh4+
47. Qxh4 Bxh4 48. Rxe6 Bg3 49. Rf3 Rc7 50. Kg1 d4 51. Rxg3 dxc3 52. Rf6 c2 53.
Rf1 c1=Q 54. Rxc1 Rxc1+ 55. Kh2 Rc4 56. Rb3 Re4 57. Ra3 Rxb4 58. Rxa6 Rb5 59.
e6 Rh5+ 60. Kg3 fxe6 61. Rxe6 Ra5 62. Re2 Ra3+ 63. Kf4 Kf7 64. Ke4 Rg3 65. Kd4
Rg4+ 66. Ke3 Kf6 67. Kf3 Ra4 68. g3 Kf5 69. Rd2 Ra3+ 70. Ke2 Rxg3 71. Kd1 Ra3
72. Kc1 Ra4 73. Kb2 Ke6 74. Kb3 Ra6 75. Kb4 Rd6 76. Rc2 Kd7 77. Kb5 Rd5+ 78.
Kb6 Rd6+ 79. Kb7 Rd4 80. a3 Rd3 81. a4 Rb3+ 82. Ka6 Rb8 83. Ka7 Rb4 84. a5 Ra4
85. a6 Rb4 86. Ka8 Rb1 87. a7 Rb3 1/2-1/2

[Event "Europa tch femenino 2005"]
[Site "Gotebörg SWE"]
[Date "2005.08.05"]
[Round "7.12"]
[White "Sommer, Sonja"]
[Black "Lauterbach, Ingrid"]
[Result "0-1"]
[WhiteElo "2053"]
[BlackElo "2156"]
[PlyCount "72"]
[EventDate "2005.07.30"]
[EventType "team"]
[EventRounds "9"]
[EventCountry "SWE"]
[Source "lmi"]
[SourceDate "2005.08.07"]

1. e4 d6 2. d4 Nf6 3. Nc3 Nbd7 4. Nf3 e5 5. Bc4 Be7 6. Qe2 c6 7. a4 O-O 8. a5
exd4 9. Nxd4 d5 10. exd5 cxd5 11. Bb3 Bc5 12. Qd1 Re8+ 13. Be3 Ne5 14. O-O Neg4
15. Bf4 Nh5 16. Bg3 Nxg3 17. hxg3 Nf6 18. Qd3 Be6 19. Rfe1 Ng4 20. f3 Qf6 21.
Rad1 Ne5 22. Qd2 Nc6 23. Nce2 Bf5 24. Kf1 Nxd4 25. Nxd4 Rxe1+ 26. Kxe1 Re8+ 27.
Kf1 Qa6+ 28. Ne2 Bb4 29. c3 Bxa5 30. Bxd5 Bc7 31. c4 Qg6 32. g4 Bc2 33. Re1 Bd3
34. Kf2 Bb6+ 35. Kf1 Be3 36. Qa5 Qh6 0-1

[Event "Europa tch femenino 2005"]
[Site "Gotebörg SWE"]
[Date "2005.08.05"]
[Round "7.12"]
[White "Richards, Heather"]
[Black "Horvath, Maria"]
[Result "1-0"]
[WhiteElo "2150"]
[BlackElo "2039"]
[PlyCount "61"]
[EventDate "2005.07.30"]
[EventType "team"]
[EventRounds "9"]
[EventCountry "SWE"]
[Source "lmi"]
[SourceDate "2005.08.07"]

1. e4 e6 2. d4 d5 3. Nc3 Nf6 4. e5 Nfd7 5. f4 c5 6. Nf3 a6 7. Be3 Qb6 8. a3 Nc6
9. Na4 Qa5+ 10. c3 cxd4 11. b4 Qc7 12. cxd4 b5 13. Nc5 Nb6 14. Bd3 Nc4 15. Bf2
a5 16. bxa5 Nxd4 17. Nxd4 Qxa5+ 18. Ke2 Bxc5 19. Nb3 Qc3 20. Bxc5 Qb2+ 21. Qc2
Qxc2+ 22. Bxc2 f6 23. exf6 gxf6 24. Nd4 Kd7 25. Kf2 e5 26. Ne2 Bb7 27. Bf5+ Ke8
28. Nc3 d4 29. Nxb5 Rd8 30. Nc7+ Kf7 31. Be6+ 1-0

[Event "Europa tch femenino 2005"]
[Site "Gotebörg SWE"]
[Date "2005.08.05"]
[Round "7.12"]
[White "Kopinits, Anna-Christina"]
[Black "Houska, Jovanka"]
[Result "0-1"]
[WhiteElo "2124"]
[BlackElo "2342"]
[PlyCount "64"]
[EventDate "2005.07.30"]
[EventType "team"]
[EventRounds "9"]
[EventCountry "SWE"]
[Source "lmi"]
[SourceDate "2005.08.07"]

1. e4 e5 2. Nf3 Nc6 3. Nc3 Nf6 4. d4 exd4 5. Nxd4 Bb4 6. Nxc6 bxc6 7. Bd3 O-O
8. O-O d5 9. exd5 cxd5 10. Bg5 c6 11. Qf3 Be7 12. Rfe1 Re8 13. Ne2 h6 14. Bh4
g5 15. Bg3 Bg4 16. Qe3 Bb4 17. Qc1 Bxe1 18. Qxe1 Bxe2 19. Bxe2 Qe7 20. Kf1 Ne4
21. c4 d4 22. Bd3 Nxg3+ 23. hxg3 Qxe1+ 24. Rxe1 Rxe1+ 25. Kxe1 c5 26. g4 Kg7
27. Kd2 Kf6 28. f3 Ke5 29. g3 Rb8 30. Kc2 Rh8 31. Kb3 h5 32. gxh5 Rxh5 0-1